Solutions manual to accompany Elementary differential equations and boundary value problems, Fourth edition, and Elementary differential equations (Record no. 63889)

000 -LEADER
fixed length control field 00662nam a22001937a 4500
003 - CONTROL NUMBER IDENTIFIER
control field NUST - PNEC
005 - DATE AND TIME OF LATEST TRANSACTION
control field 20170116180826.0
008 - FIXED-LENGTH DATA ELEMENTS--GENERAL INFORMATION
fixed length control field 150714b xxu||||| |||| 00| 0 eng d
020 ## - INTERNATIONAL STANDARD BOOK NUMBER
International Standard Book Number 047187096X
040 ## - CATALOGING SOURCE
Transcribing agency LIBRARY
082 ## - DEWEY DECIMAL CLASSIFICATION NUMBER
Classification number 515.35 BOY
100 ## - MAIN ENTRY--PERSONAL NAME
9 (RLIN) 4384
Personal name Boyce, William E.
245 ## - TITLE STATEMENT
Title Solutions manual to accompany Elementary differential equations and boundary value problems, Fourth edition, and Elementary differential equations
Statement of responsibility, etc. William E. Boyce, Richard C. DiPrima
250 ## - EDITION STATEMENT
Edition statement 4th ed.
260 ## - PUBLICATION, DISTRIBUTION, ETC.
Place of publication, distribution, etc. New York:
Name of publisher, distributor, etc. John Wiley & Sons,
Date of publication, distribution, etc. c1986.
300 ## - PHYSICAL DESCRIPTION
Extent 279 p. :
Dimensions 24 cm.
650 ## - SUBJECT ADDED ENTRY--TOPICAL TERM
9 (RLIN) 4385
Topical term or geographic name entry element Differential equations
General subdivision ME
942 ## - ADDED ENTRY ELEMENTS (KOHA)
Source of classification or shelving scheme
Koha item type Book
Holdings
Withdrawn status Lost status Source of classification or shelving scheme Damaged status Not for loan Permanent Location Current Location Shelving location Date acquired Source of acquisition Total Checkouts Full call number Barcode Date last seen Price effective from Koha item type
          Pakistan Navy Engineering College (PNEC) Pakistan Navy Engineering College (PNEC)   10/21/1990 Library /reference Grant   515.35 BOY PNECLIB-014278 07/14/2015 10/21/1990 Book
          Pakistan Navy Engineering College (PNEC) Pakistan Navy Engineering College (PNEC)   11/12/2015     515.35 BOY PNECLIB-014279 10/03/2015   Book
          Pakistan Navy Engineering College (PNEC) Pakistan Navy Engineering College (PNEC)         515.35 BOY PNECLIB-014275 10/05/2015   Book
          Pakistan Navy Engineering College (PNEC) Pakistan Navy Engineering College (PNEC)   11/12/2015     515.35 BOY PNECLIB-014276 11/12/2015   Book
© 2023 Central Library, National University of Sciences and Technology. All Rights Reserved.